000 00298nam a22001337a 4500
008 170713b xxu||||| |||| 00| 0 eng d
020 _a9780760769799
041 _aeng
080 _a101
100 _a24
101 _aFIL
245 _aTHE CONSOLATION OF PHILOSOPHY
_cJAMES,H.R
942 _2udc
_cBK
999 _c20629
_d20629